| 000 | 00629nam a2200217 a 4500 | ||
|---|---|---|---|
| 005 | 20140414131847.0 | ||
| 008 | 970101s19uu xx 00 eng d | ||
| 020 | _a0-395-45989-3 | ||
| 050 |
_aM 398.2 _bH99 1989 |
||
| 100 | _aHyman, Trina Schart | ||
| 245 |
_aLittle Red Ridinghood : _bby the Brothers Grimm / _cretold and illustrated by Trina Chart Hyman. |
||
| 260 |
_aBoston : _bHoughton Mifflin, _c1989. |
||
| 300 | _a32 p. : ill. ; cm. | ||
| 440 | _aHoughton Mifflin Literature | ||
| 650 | _aFolktales. | ||
| 650 | _aChildren stories. | ||
| 999 |
_c109995 _d109995 |
||